000 00554nam a2200193 a 4500
001 000023517
005 20200930022257.0
008 101210s1970 mx 000 0 spa d
040 _aDO-SdBNP
_bspa
_cBNPHU
082 _ann*
_bnn*
100 1 _aSánchez Vázquez, Adolfo.
_95417
245 1 0 _aRousseau en México /
_cAdolfo Sánchez Vázquez.
260 _aMéxico :
_bGrijalbo,
_c1970.
300 _a157 p. ;
_c18 cm.
490 1 _a70. Segunda Serie
504 _aBibliografía : 147-[150] p.
830 0 _a70.
_pSegunda Serie
_948473
049 _aBNGR
999 _c23013
_d23013